Invisible city: the hidden monument of Delhi (Record no. 13868)

MARC details
000 -LEADER
fixed length control field 00611 a2200229 4500
001 - CONTROL NUMBER
control field 149977
003 - CONTROL NUMBER IDENTIFIER
control field OSt
005 - DATE AND TIME OF LATEST TRANSACTION
control field 20241128101816.0
008 - FIXED-LENGTH DATA ELEMENTS--GENERAL INFORMATION
fixed length control field
020 ## - INTERNATIONAL STANDARD BOOK NUMBER
International Standard Book Number 9788189738778
082 ## - DEWEY DECIMAL CLASSIFICATION NUMBER
Classification number 725.94095456
Item number J21I
100 1# - MAIN ENTRY--PERSONAL NAME
Personal name Jalil, Rakhshanda
245 1# - TITLE STATEMENT
Title Invisible city: the hidden monument of Delhi
Statement of responsibility, etc by Rakhshanda Jalil
260 ## - PUBLICATION, DISTRIBUTION, ETC. (IMPRINT)
Place of publication, distribution, etc New Delhi
Name of publisher, distributor, etc Niyogi Books
Date of publication, distribution, etc 2014
300 ## - PHYSICAL DESCRIPTION
Extent 342p.
653 ## - INDEX TERM--UNCONTROLLED
Uncontrolled term Architecture
653 ## - INDEX TERM--UNCONTROLLED
Uncontrolled term Monuments
653 ## - INDEX TERM--UNCONTROLLED
Uncontrolled term Historic buildings
653 ## - INDEX TERM--UNCONTROLLED
Uncontrolled term Monuments in art
700 ## - ADDED ENTRY--PERSONAL NAME
Personal name Singh, Khushwant
Relator term Foreword
942 ## - ADDED ENTRY ELEMENTS (KOHA)
Source of classification or shelving scheme Dewey Decimal Classification
Koha item type Books
Holdings
Withdrawn status Lost status Source of classification or shelving scheme Damaged status Not for loan Collection code Home library Current library Date acquired Source of acquisition Cost, normal purchase price Full call number Barcode Date last seen Price effective from Koha item type Total Checkouts
    Dewey Decimal Classification     General Text Book Central University Of Rajasthan Central University Of Rajasthan 11/09/2015 ARC 0.00 725.94095456 J21I 23638 21/11/2024 02/09/2020 Books  
    Dewey Decimal Classification     General Text Book Central University Of Rajasthan Central University Of Rajasthan 28/11/2024 ARC   725.94095456 J21I 38471 28/11/2024 28/11/2024 Books  
    Dewey Decimal Classification     General Text Book Central University Of Rajasthan Central University Of Rajasthan 28/11/2024 ARC   725.94095456 J21I 38472 28/11/2024 28/11/2024 Books